000 00672nam a2200241 i 4500
001 C2-0068548
003 PPAK
005 20190630222128.0
008 970309s1995 nyua|||| ||||| | eng d
020 _a0028600711
040 _aPPAK
_beng
_cPPAK
_erda
082 0 4 _a914.3604
_223
090 0 0 _a914.3604
_bKRA
_dR
100 1 _aKraus, Adi,
_eauthor
245 1 0 _aDriving tours:
_bAustria
264 1 _aNew York :
_bMacmillan ,
_c1995
300 _a120 pages :
_bcolour illustrations ;
_c30 cm
336 _2rdacontent
_atext
337 _2rdamedia
_aunmediated
338 _2rdacarrier
_avolume
650 1 0 _aAutomobile travel - Austria - Guidebooks
942 _ddc
_cB
999 _c7807
_d7807